| Tag |
First Indicator |
Second Indicator |
Subfields |
| LEADER |
00000cam a2200000 4500 |
| 001 |
in00000042995 |
| 005 |
20151007064952.0 |
| 008 |
720707s1965 nju b 00000 eng u |
| 010 |
|
|
|a 65022389
|
| 035 |
|
|
|a (OCoLC)00350174
|
| 035 |
|
|
|9 AAE0988AM
|
| 040 |
|
|
|c OUN
|d TXA
|d UtOrBLW
|
| 049 |
|
|
|a TXAM
|c [463600]
|
| 050 |
|
0 |
|a HV5466
|b .S3
|
| 082 |
0 |
|
|a 392.37
|
| 092 |
|
|
|a 394.1
|b S1265d
|
| 100 |
1 |
|
|a Sadoun, Roland.
|
| 245 |
1 |
0 |
|a Drinking in French culture /
|c by Roland Sadoun, Giorgio Lolli and Milton Silverman.
|
| 264 |
|
1 |
|a New Brunswick, N.J. :
|b Publications Division, Rutgers Center of Alcohol Studies,
|c [1965]
|
| 300 |
|
|
|a xviii, 133 pages :
|b map (on lining papers) ;
|c 24 cm.
|
| 336 |
|
|
|a text
|b txt
|2 rdacontent
|
| 337 |
|
|
|a unmediated
|b n
|2 rdamedia
|
| 338 |
|
|
|a volume
|b nc
|2 rdacarrier
|
| 490 |
1 |
|
|a Monographs of the Rutgers Center of Alcohol Studies, no. 5
|
| 504 |
|
|
|a Bibliography: pages 123-125.
|
| 650 |
|
0 |
|a Drinking of alcoholic beverages
|z France.
|
| 650 |
|
0 |
|a Temperance.
|
| 700 |
1 |
|
|a Lolli, Giorgio,
|d 1905-1979.
|
| 700 |
1 |
|
|a Silverman, Milton,
|d 1910-
|
| 830 |
|
0 |
|a Monographs of the Rutgers Center of Alcohol Studies ;
|v no. 5.
|
| 999 |
|
|
|a MARS
|
| 999 |
f |
f |
|s b6b011e6-ed2a-3351-95d7-8611211b7046
|i a7978477-8bbc-38fa-a3a0-f8519998b381
|t 0
|
| 952 |
f |
f |
|p ric
|a Texas A&M University
|b Rellis Campus
|c Joint Library Facility
|d Remote Storage
|t 0
|e HV5466 .S3
|h Library of Congress classification
|i unmediated -- volume
|m A14800885091
|
| 998 |
f |
f |
|a HV5466 .S3
|t 0
|l Remote Storage
|